|
|
|
|
| LEADER |
01479aam a22003498a 4500 |
| 001 |
00034618 |
| 005 |
20171026081025.0 |
| 008 |
161010s2015 ||||||chisd |
| 020 |
# |
# |
|c 62000
|a 9786046215332
|
| 041 |
0 |
# |
|a chi-eng-vie
|
| 082 |
1 |
4 |
|a 495.1
|b GI108TR
|
| 100 |
0 |
# |
|a Dương, Ký Châu
|
| 245 |
1 |
0 |
|a Giáo trình Hán ngữ
|c Dương Ký Châu; Trần Thị Thanh Liêm (chủ biên ban biên dịch)
|n Tập 1
|p Quyển hạ 2
|b Phiên bản mới nhất. Gồm 6 cuốn dành cho học viên và 2 cuốn dành cho giáo viên
|
| 246 |
2 |
1 |
|a Hanyu Jiaocheng
|
| 260 |
# |
# |
|a Hà Nội
|b Đại học Quốc gia Hà Nội; Công ty cổ phần sách McBooks
|c 2015
|
| 300 |
# |
# |
|a 231 tr.
|c 27 cm.
|
| 500 |
# |
# |
|a ĐTTS ghi: Đại học Ngoại ngữ (Đại học Quốc gia)- Đại học Hà Nội. Đại học Đại Nam
|
| 653 |
# |
# |
|a Hán Ngữ
|
| 653 |
# |
# |
|a Giáo trình
|
| 653 |
# |
# |
|a Ngôn ngữ
|
| 653 |
# |
# |
|a Tiếng Việt
|
| 653 |
# |
# |
|a Tiếng Hoa
|
| 653 |
# |
# |
|a Tiếng Anh
|
| 700 |
1 |
# |
|a Trần, Thị Thanh Liêm
|e Chủ biên ban biên dịch
|
| 852 |
# |
# |
|b Kho giáo trình
|j KGT.0051356, KGT.0051357
|
| 852 |
# |
# |
|b Kho mượn
|j KGT.0051356
|
| 852 |
# |
# |
|j KD.0017914
|j KGT.0051356
|j KGT.0051357
|
| 852 |
# |
# |
|b Kho đọc
|j KD.0017914
|
| 910 |
# |
# |
|d 10/10/2016
|
| 980 |
# |
# |
|a Trung tâm Học liệu Lê Vũ Hùng, Trường Đại học Đồng Tháp
|